000 00530nam a22002177a 4500
003 UA-OsUOA
001 43610
007 ta
008 20090923b un ||||| |||| 00| 0 ukr d
090 _a82-6
_bЛ63
942 _cBK
040 _aUA-OsUOA
_bukr
_cUA-OsUOA
_dUA-OsUOA
245 _aЛистування Юрія Семенка
300 _a250 с.
955 _a4
041 _aukr
080 _a82-6
260 _aК.
_c2007
650 7 _a82 Література. Літературознавство
_2UDC
999 _c442085
_d442085